[Event "Oregon-ch"]
[Site "Portland"]
[Date "2015.02.16"]
[Round "9"]
[White "Russell, Corey J"]
[Black "Esler, Brian"]
[Result "1-0"]
[WhiteElo "2151"]
[BlackElo "2062"]
[PlyCount "125"]
[EventDate "2015.02.07"]
[EventType "tourn"]
[EventRounds "9"]
[EventCountry "USA"]
[SourceTitle "EXT 2017"]
[Source "ChessBase"]
[SourceDate "2016.10.25"]
[SourceVersion "1"]
[SourceVersionDate "2016.10.25"]
[SourceQuality "1"]

1. e4 c5 2. Nf3 d6 3. d4 cxd4 4. Nxd4 Nf6 5. Nc3 Nc6 6. Bc4 Qb6 7. Nb3 a6 8. h3 e6 9. Be3 Qc7 10. a4 Nb4 11. Bd3 d5 12. 0-0 Be7 13. exd5 Nfxd5 14. Nxd5 Nxd5 15. Bd2 Nf4 16. Qg4 Nxd3 17. cxd3 Bf6 18. Bc3 Bxc3 19. Rac1 Qb6 20. Rxc3 0-0 21. a5 Qd6 22. Nc5 e5 23. Qe4 Rb8 24. Rfc1 f5 25. Qc4+ Kh8 26. Rb3 b5 27. axb6 Rxb6 28. Rxb6 Qxb6 29. Qc3 f4 30. Qxe5 f3 31. g4 Qh6 32. Rc4 Qxh3 33. Qg3 Qxg3+ 34. fxg3 h5 35. Kf2 Bxg4 36. Nxa6 Ra8 37. Nc5 Ra1 38. Rc2 Rh1 39. Ke3 Rh3 40. Ne4 h4 41. Nf2 Rxg3 42. Rc4 Bd7 43. Rxh4+ Kg8 44. Kf4 Rg1 45. Kxf3 g5 46. Rd4 Bc6+ 47. Ne4 Kf7 48. Kf2 Rb1 49. Nxg5+ Kg6 50. Rd6+ Kxg5 51. Rxc6 Rxb2+ 52. Ke3 Kf5 53. Kd4 Rb1 54. Kd5 Rd1 55. d4 Rd2 56. Kc5 Rc2+ 57. Kd5 Rd2 58. Rh6 Rd1 59. Kc5 Rc1+ 60. Kd6 Ra1 61. Rh5+ Ke4 62. d5 Ra6+ 63. Ke7 1-0

[Event "Oregon-ch"]
[Site "Portland"]
[Date "2015.02.14"]
[Round "6"]
[White "Esler, Brian"]
[Black "Seitzer, Phillip M"]
[Result "1-0"]
[WhiteElo "2062"]
[BlackElo "2069"]
[PlyCount "67"]
[EventDate "2015.02.07"]
[EventType "tourn"]
[EventRounds "9"]
[EventCountry "USA"]
[SourceTitle "EXT 2017"]
[Source "ChessBase"]
[SourceDate "2016.10.25"]
[SourceVersion "1"]
[SourceVersionDate "2016.10.25"]
[SourceQuality "1"]

1. e4 c5 2. Nf3 d6 3. d4 cxd4 4. Nxd4 Nf6 5. Nc3 g6 6. Be3 Bg7 7. f3 Nc6 8. Qd2 0-0 9. g4 Be6 10. Nxe6 fxe6 11. 0-0-0 Ne5 12. Be2 Qa5 13. g5 Ne8 14. f4 Nc6 15. Bc4 Nc7 16. Kb1 Rab8 17. h4 b5 18. Bb3 b4 19. Ne2 Qb5 20. h5 a5 21. Nd4 Bxd4 22. Bxd4 a4 23. hxg6 hxg6 24. f5 Kf7 25. fxe6+ Ke8 26. Bg7 axb3 27. Bxf8 bxa2+ 28. Ka1 Nxe6 29. Bxe7 Nxe7 30. Rh8+ Nf8 31. Qf4 Rb6 32. Qxf8+ Kd7 33. Qd8+ Ke6 34. Re8 1-0

[Event "Oregon-ch"]
[Site "Portland"]
[Date "2013.02.10"]
[Round "3"]
[White "Esler, Brian"]
[Black "Gutman, Richard George"]
[Result "0-1"]
[WhiteElo "2086"]
[BlackElo "2099"]
[PlyCount "66"]
[EventDate "2013.02.09"]
[EventType "tourn"]
[EventRounds "9"]
[EventCountry "USA"]
[SourceTitle "EXT 2017"]
[Source "ChessBase"]
[SourceDate "2016.10.25"]
[SourceVersion "1"]
[SourceVersionDate "2016.10.25"]
[SourceQuality "1"]

1. e4 c5 2. Nf3 d6 3. d4 cxd4 4. Nxd4 Nf6 5. Nc3 Nc6 6. Bg5 e6 7. Qd2 a6 8. 0-0-0 Bd7 9. f3 b5 10. g4 h5 11. gxh5 Rxh5 12. h4 Qb6 13. Be3 Qc7 14. Nxc6 Bxc6 15. Ne2 0-0-0 16. Nd4 d5 17. Nxc6 Qxc6 18. Qa5 Rd7 19. Rd3 b4 20. Rb3 Kb7 21. e5 Rc7 22. Bd3 Nd7 23. Bd4 Nxe5 24. Bxe5 Rxe5 25. f4 Re2 26. c3 Re3 27. Rd1 d4 28. Kd2 Rxd3+ 29. Kxd3 Qc4+ 30. Kd2 dxc3+ 31. Ke1 Qe4+ 32. Kf1 Qxf4+ 33. Kg1 Qg4+ 0-1

[Event "Oregon-ch"]
[Site "Portland"]
[Date "2013.02.09"]
[Round "2"]
[White "Deeth, Steven B"]
[Black "Esler, Brian"]
[Result "1-0"]
[WhiteElo "2085"]
[BlackElo "2086"]
[PlyCount "77"]
[EventDate "2013.02.09"]
[EventType "tourn"]
[EventRounds "9"]
[EventCountry "USA"]
[SourceTitle "EXT 2017"]
[Source "ChessBase"]
[SourceDate "2016.10.25"]
[SourceVersion "1"]
[SourceVersionDate "2016.10.25"]
[SourceQuality "1"]

1. d4 Nf6 2. c4 g6 3. Nc3 Bg7 4. e4 d6 5. f3 0-0 6. Be3 Nc6 7. Nge2 a6 8. Qd2 Rb8 9. Rc1 Bd7 10. Nd1 b5 11. c5 e6 12. g3 Ne8 13. Bg2 f5 14. Nf2 Rf7 15. 0-0 Bf8 16. cxd6 Nxd6 17. b3 e5 18. dxe5 Nxe5 19. f4 Ng4 20. Nxg4 fxg4 21. Nd4 c5 22. Ne2 Bc6 23. e5 Bxg2 24. Kxg2 Nf5 25. Kf2 Rd7 26. Qc2 Nxe3 27. Kxe3 Qb6 28. Nc3 Rbd8 29. Ke2 c4 30. bxc4 bxc4 31. Ne4 Kh8 32. Rb1 Qc6 33. Rfd1 Rd3 34. Nf2 Qf3+ 35. Kf1 Bc5 36. Rxd3 Rxd3 37. Qb2 Bxf2 38. Qb8+ Kg7 39. Rb7+ 1-0

[Event "US Open-113"]
[Site "Vancouver"]
[Date "2012.08.09"]
[Round "5"]
[White "Esler, Brian"]
[Black "Haining, Kyle"]
[Result "1-0"]
[WhiteElo "2060"]
[BlackElo "1900"]
[PlyCount "101"]
[EventDate "2012.08.04"]
[EventType "swiss"]
[EventRounds "9"]
[EventCountry "USA"]
[SourceTitle "CBM 149 Extra"]
[Source "ChessBase"]
[SourceDate "2012.08.24"]
[SourceVersion "1"]
[SourceVersionDate "2012.08.24"]
[SourceQuality "1"]

1. e4 g6 2. d4 Bg7 3. Nc3 d6 4. Be3 Nf6 5. Qd2 c6 6. Nf3 b5 7. Bd3 Nbd7 8. a4 b4 9. Ne2 c5 10. dxc5 dxc5 11. Bb5 0-0 12. e5 Ng4 13. Rd1 Nxe3 14. Qxe3 Qc7 15. e6 Nb6 16. a5 Bxe6 17. axb6 axb6 18. b3 Ra2 19. Nf4 Bg4 20. Nd5 Qb8 21. Nxe7+ Kh8 22. 0-0 Rxc2 23. Qe4 Bxf3 24. Qxc2 Bxd1 25. Rxd1 Qe5 26. Qe2 Qc3 27. Bc4 b5 28. Nd5 Qb2 29. Qxb2 Bxb2 30. Bxb5 Rd8 31. Ne3 Ra8 32. Kf1 Bd4 33. Bc4 Ra2 34. Bxf7 Kg7 35. Bc4 Kf8 36. Rc1 Rd2 37. h3 Kg7 38. Re1 Ra2 39. g3 Kf8 40. Re2 Ra7 41. Nd5 Ba1 42. Re6 Bd4 43. Ra6 Rb7 44. Ra8+ Kg7 45. Nf4 Bc3 46. Ne6+ Kh6 47. g4 Bd2 48. h4 Re7 49. Rg8 Rd7 50. Be2 Rd5 51. g5+ 1-0